[Event "FB1 2122 TuRa Harksheide  - SK Lehrte"]
[Site "?"]
[Date "2021.11.27"]
[Round "1.1"]
[White "Sieber, Fiona"]
[Black "Antolak, Julia"]
[Result "1/2-1/2"]
[WhiteElo "2207"]
[BlackElo "2334"]
[PlyCount "63"]
[EventDate "2021.??.??"]

1. e4 c5 2. Nf3 d6 3. d4 cxd4 4. Nxd4 Nf6 5. Nc3 a6 6. Be3 e6 7. f3 h5 8. Bc4
b5 9. Bb3 Bb7 10. O-O Nbd7 11. Bxe6 fxe6 12. Nxe6 Qc8 13. a4 Ne5 14. Nxf8 Rxf8
15. axb5 Nc4 16. Bd4 Nxb2 17. Qc1 Nc4 18. Qg5 Qd7 19. Rfd1 axb5 20. Nxb5 Rxa1
21. Bxa1 Qc6 22. Qxg7 Rf7 23. Qg6 Qxb5 24. Bxf6 Bc8 25. h4 Bd7 26. Rd5 Qb1+ 27.
Kh2 Ne3 28. Rxd6 Nf1+ 29. Kg1 Nd2+ 30. Kh2 Nf1+ 31. Kg1 Nd2+ 32. Kh2 1/2-1/2

[Event "FB1 2122 TuRa Harksheide  - SK Lehrte"]
[Site "?"]
[Date "2021.11.27"]
[Round "1.2"]
[White "Radikovic, Anamarija"]
[Black "Duessler, Stefanie"]
[Result "1-0"]
[WhiteElo "2124"]
[BlackElo "2124"]
[PlyCount "65"]
[EventDate "2021.??.??"]

1. e4 c5 2. Nc3 Nc6 3. Bb5 Nd4 4. Nf3 g6 5. Bc4 Bg7 6. Nxd4 cxd4 7. Qf3 e6 8.
Nb5 d6 9. Qa3 Be5 10. O-O g5 11. c3 a6 12. Nxd4 Ne7 13. Nf3 Bf6 14. d4 g4 15.
Ne1 Qc7 16. Be2 Rg8 17. f4 gxf3 18. Nxf3 Ng6 19. Ng5 Qe7 20. Nxf7 Qxf7 21. Bg5
Bxg5 22. Rxf7 Kxf7 23. Qxd6 Rg7 24. Rf1+ Ke8 25. Bh5 Be7 26. Qe5 Rg8 27. d5 Kd7
28. Qxe6+ Kc7 29. Qxg8 Bc5+ 30. Kh1 Kb6 31. b4 Be3 32. Bxg6 hxg6 33. Rf8 1-0

[Event "FB1 2122 TuRa Harksheide  - SK Lehrte"]
[Site "?"]
[Date "2021.11.27"]
[Round "1.3"]
[White "Manusina, Nicole"]
[Black "Gosciniak, Maria"]
[Result "0-1"]
[WhiteElo "2029"]
[BlackElo "2075"]
[PlyCount "116"]
[EventDate "2021.??.??"]

1. d4 e6 2. c4 Bb4+ 3. Nc3 f5 4. g3 Nf6 5. Bg2 O-O 6. Nf3 Bxc3+ 7. bxc3 Ne4 8.
Qc2 d6 9. O-O Nd7 10. Nd2 Nxd2 11. Bxd2 e5 12. e4 f4 13. Rad1 f3 14. Bh1 Qe8
15. Qd3 Qh5 16. Rfe1 Nf6 17. Bxf3 Bg4 18. Be2 Bxe2 19. Rxe2 exd4 20. cxd4 Nxe4
21. f4 Rae8 22. Rde1 Nf6 23. Kg2 Rxe2+ 24. Qxe2 Qxe2+ 25. Rxe2 Re8 26. Rxe8+
Nxe8 27. Kf3 c6 28. g4 Kf7 29. h4 g6 30. a4 Ke6 31. a5 b6 32. axb6 axb6 33. Bc3
d5 34. c5 b5 35. Bd2 Nf6 36. Be1 h5 37. f5+ gxf5 38. g5 Nd7 39. Kf4 Nf8 40. g6
Kf6 41. g7 Ne6+ 42. Ke3 f4+ 43. Kf3 Kxg7 44. Bc3 Kg6 45. Bb2 Kf5 46. Bc3 b4 47.
Bxb4 Nxd4+ 48. Kf2 Ke4 49. Bc3 Ne6 50. Bb4 d4 51. Ke2 d3+ 52. Kf2 f3 53. Ke1
Nf4 54. Kf2 Nh3+ 55. Kf1 Ke3 56. Bd2+ Kd4 57. Bb4 f2 58. Kg2 Ke5 0-1

[Event "FB1 2122 TuRa Harksheide  - SK Lehrte"]
[Site "?"]
[Date "2021.11.27"]
[Round "1.4"]
[White "Adamowicz, Katarzyna"]
[Black "Zschischang, Marine"]
[Result "1/2-1/2"]
[WhiteElo "2082"]
[BlackElo "2060"]
[PlyCount "99"]
[EventDate "2021.??.??"]

1. e4 e6 2. d4 d5 3. e5 c5 4. c3 Nc6 5. f4 Qb6 6. Nf3 cxd4 7. cxd4 Nh6 8. Nc3
Nf5 9. Bb5 h5 10. a3 Bd7 11. Bxc6 Bxc6 12. b4 Rc8 13. Qd3 a6 14. O-O Bb5 15.
Nxb5 Qxb5 16. Qxb5+ axb5 17. Bb2 Be7 18. Rfc1 Kd7 19. Rxc8 Rxc8 20. Rc1 Rc4 21.
Kf2 Bd8 22. Ke2 Nh4 23. Nxh4 Bxh4 24. Kd3 Rxc1 25. Bxc1 Bd8 26. Be3 Ke8 27. Ke2
f6 28. Kf3 Kf7 29. g3 Kg6 30. h3 Bb6 31. g4 hxg4+ 32. hxg4 Bd8 33. Bc1 Be7 34.
Bb2 Bd8 35. Bc1 Bc7 36. Bb2 Bb6 37. Bc3 Ba7 38. Bb2 Bb8 39. Bc3 Bc7 40. Bb2 Bd8
41. Bc3 f5 42. Bb2 Bh4 43. Bc3 fxg4+ 44. Kxg4 Bf2 45. Kf3 Bg1 46. Bb2 Kf5 47.
Bc3 g6 48. Bb2 g5 49. fxg5 Kxg5 50. Bc3 1/2-1/2

[Event "FB1 2122 TuRa Harksheide  - SK Lehrte"]
[Site "?"]
[Date "2021.11.27"]
[Round "1.5"]
[White "Yaghy, Ritta"]
[Black "Brandt, Carina"]
[Result "1-0"]
[WhiteElo "1992"]
[BlackElo "2066"]
[PlyCount "41"]
[EventDate "2021.??.??"]

1. e4 e6 2. d4 d5 3. exd5 exd5 4. Bd3 Bd6 5. Nc3 c6 6. h3 Nf6 7. Nf3 O-O 8. O-O
b6 9. Re1 Re8 10. Bg5 Be6 11. Ne5 h6 12. Bh4 c5 13. Bb5 cxd4 14. Qxd4 Rf8 15.
Bxf6 Qxf6 16. Nxd5 Qg5 17. h4 Qd8 18. Nf4 Qc7 19. Rad1 Bc5 20. Qe4 a6 21. Bd3
1-0

[Event "FB1 2122 TuRa Harksheide  - SK Lehrte"]
[Site "?"]
[Date "2021.11.27"]
[Round "1.6"]
[White "Koehler, Inken"]
[Black "Grabowski, Petra"]
[Result "1-0"]
[WhiteElo "1980"]
[BlackElo "1623"]
[PlyCount "147"]
[EventDate "2021.??.??"]

1. c4 e6 2. g3 d5 3. Bg2 Nf6 4. Nf3 c6 5. b3 d4 6. O-O Be7 7. Bb2 c5 8. e3 Nc6
9. exd4 cxd4 10. Qe2 Nb4 11. Nxd4 Bc5 12. Nf5 O-O 13. Ne3 Bd4 14. Bxd4 Qxd4 15.
Nc3 a6 16. a3 Nd3 17. Nc2 Qd6 18. b4 Rd8 19. Ne1 h6 20. Nxd3 Qxd3 21. Rfd1 Rb8
22. Qe5 Bd7 23. Ne4 Ng4 24. Qc3 Ba4 25. Qxd3 Rxd3 26. Nc5 Bxd1 27. Nxd3 Be2 28.
Nc5 Bxc4 29. Bxb7 Ne5 30. f4 Nd3 31. Bxa6 Bxa6 32. Nxa6 Ra8 33. b5 Nb2 34. Rc1
Na4 35. Rc6 Ra7 36. Rc7 Ra8 37. Rb7 Kh7 38. Rxf7 Kg6 39. Re7 Kf6 40. Rxe6+ Kxe6
41. Nc7+ Kd7 42. Nxa8 Kc8 43. b6 Kb7 44. Nc7 Nxb6 45. Ne8 Nc4 46. d3 Nxa3 47.
Nxg7 Nb5 48. Kf2 Nd6 49. Ke3 Kc6 50. Kd4 Nf7 51. Nf5 Kd7 52. Kd5 h5 53. h4 Nd8
54. Ng7 Nc6 55. Nxh5 Nb4+ 56. Ke4 Ke7 57. f5 Kf7 58. g4 Na6 59. g5 Nc5+ 60. Kd4
Nd7 61. Kd5 Nb6+ 62. Kc6 Nc8 63. g6+ Kg8 64. f6 Kh8 65. Kd7 Nb6+ 66. Ke8 Nd5
67. g7+ Kh7 68. g8=Q+ Kxg8 69. f7+ Kh7 70. f8=Q Nc7+ 71. Kd7 Ne6 72. Kxe6 Kg6
73. Qg7+ Kxh5 74. Qg5# 1-0

[Event "FB1 2122 Hamburger SK - SV Hemer 1932"]
[Site "?"]
[Date "2021.11.27"]
[Round "1.1"]
[White "Cosma, Elena-Luminita"]
[Black "Socko, Monika"]
[Result "1/2-1/2"]
[WhiteElo "2281"]
[BlackElo "2393"]
[PlyCount "62"]
[EventDate "2021.??.??"]

1. d4 Nf6 2. Nf3 e6 3. g3 b6 4. Bg2 Bb7 5. O-O c5 6. c4 cxd4 7. Qxd4 Nc6 8. Qf4
Ne7 9. Nc3 Ng6 10. Qd2 Rc8 11. b3 Bb4 12. Bb2 d5 13. Nd4 O-O 14. Nc2 Bxc3 15.
Bxc3 Ba8 16. Ne3 dxc4 17. Bxa8 Rxa8 18. Nxc4 Ne4 19. Qxd8 Rfxd8 20. Rfc1 Nxc3
21. Rxc3 Rac8 22. Rac1 Kf8 23. h4 Rc5 24. Ne3 Rxc3 25. Rxc3 Ke7 26. Kg2 Rd2 27.
Rc7+ Rd7 28. Rc8 Rd8 29. Rc7+ Rd7 30. Rc8 Rd8 31. Rc7+ Rd7 1/2-1/2

[Event "FB1 2122 Hamburger SK - SV Hemer 1932"]
[Site "?"]
[Date "2021.11.27"]
[Round "1.2"]
[White "Gaal, Zsoka"]
[Black "Voicu-Jagodzinsky, Carmen"]
[Result "0-1"]
[WhiteElo "2336"]
[BlackElo "2278"]
[PlyCount "66"]
[EventDate "2021.??.??"]

1. Nf3 Nf6 2. g3 e6 3. Bg2 d5 4. O-O Be7 5. c4 O-O 6. d4 c5 7. cxd5 Nxd5 8. e4
Nf6 9. Nc3 Nc6 10. d5 exd5 11. exd5 Na5 12. Re1 a6 13. Bf4 Bd6 14. Bxd6 Qxd6
15. Ng5 Bf5 16. Qa4 b6 17. Rad1 Rad8 18. Bf1 Bg4 19. Rd2 c4 20. Nge4 Nxe4 21.
Nxe4 Qh6 22. Qc2 f5 23. Nc3 f4 24. Bg2 f3 25. Bf1 Bh3 26. Nd1 Bxf1 27. Rxf1 Qh3
28. Ne3 Rd6 29. Rd4 Rh6 30. Rh4 Rxh4 31. gxh4 Rf4 32. Qc3 Re4 33. Qd2 Rxh4 0-1

[Event "FB1 2122 Hamburger SK - SV Hemer 1932"]
[Site "?"]
[Date "2021.11.27"]
[Round "1.3"]
[White "Ciolacu, Alessia-Mihaela"]
[Black "Papp, Sarah"]
[Result "0-1"]
[WhiteElo "2263"]
[BlackElo "2315"]
[PlyCount "62"]
[EventDate "2021.??.??"]

1. d4 Nf6 2. c4 e6 3. Nc3 Bb4 4. f3 c5 5. d5 O-O 6. e4 b5 7. e5 Ne8 8. f4 exd5
9. cxd5 d6 10. Nf3 c4 11. Be2 Qb6 12. Nd4 Nd7 13. Nc6 a5 14. a3 Bxc3+ 15. bxc3
Bb7 16. Rb1 dxe5 17. Bxc4 Nd6 18. Be2 Ne4 19. Qc2 Qf2+ 20. Kd1 Qxg2 21. Rf1
Nxc3+ 22. Qxc3 Qxd5+ 23. Ke1 Bxc6 24. Bb2 b4 25. axb4 axb4 26. Qg3 Ra2 27. Rg1
g6 28. fxe5 Nc5 29. Bc1 Qe4 30. Qe3 Qxb1 31. Qxc5 Rc2 0-1

[Event "FB1 2122 Hamburger SK - SV Hemer 1932"]
[Site "?"]
[Date "2021.11.27"]
[Round "1.4"]
[White "Fuchs, Judith"]
[Black "Ionica, Iulia-Ionela"]
[Result "1/2-1/2"]
[WhiteElo "2239"]
[BlackElo "2185"]
[PlyCount "155"]
[EventDate "2021.??.??"]

1. e4 d6 2. d4 Nf6 3. Nc3 c6 4. f4 Qa5 5. e5 Ne4 6. Bd3 Nxc3 7. Qd2 d5 8. bxc3
e6 9. Nf3 c5 10. O-O c4 11. Be2 Nc6 12. Ng5 g6 13. Qe3 h6 14. Nh3 Bd7 15. Nf2
O-O-O 16. Qh3 Ne7 17. Bd2 Nf5 18. Be1 Qa4 19. Bd1 Ba3 20. g4 Ng7 21. Rb1 Be7
22. Ra1 h5 23. Qe3 hxg4 24. Nxg4 Nf5 25. Qd2 Rh3 26. Rf3 Rh7 27. Ne3 Ng7 28.
Rf2 Rdh8 29. Rg2 Ba3 30. Rb1 Be7 31. Ra1 Ba3 32. Rb1 Qa5 33. Bf3 Be7 34. Qc1
Bc6 35. Ra1 Ba3 36. Qb1 Rh3 37. Rf2 Qd8 38. Nf1 g5 39. Bg2 R3h5 40. fxg5 Qxg5
41. Bd2 Qe7 42. Bf4 R5h7 43. Bc1 Bxc1 44. Qxc1 Nf5 45. a3 Rg7 46. Qf4 Rh4 47.
Qd2 Rh5 48. Qf4 Rh3 49. Qd2 Qh4 50. Re1 Qh7 51. Ree2 Rh6 52. Qf4 Rh4 53. Qd2
Rg8 54. Rf4 Rh3 55. Ref2 Rg7 56. R2f3 Rh6 57. Rf2 Qh8 58. R4f3 Rhh7 59. Rf4 Qf8
60. Qc1 Qe7 61. R4f3 Rg8 62. Rf4 Rgh8 63. R4f3 Rh4 64. Rf4 Rxf4 65. Rxf4 Qg5
66. Qd2 Rg8 67. Qf2 Qe7 68. Ne3 Nxe3 69. Qxe3 Qxa3 70. Rxf7 Qa1+ 71. Rf1 Qb2
72. Qh6 Bd7 73. Rf8+ Rxf8 74. Qxf8+ Kc7 75. Qd6+ Kc8 76. Qf8+ Kc7 77. Qd6+ Kc8
78. Qf8+ 1/2-1/2

[Event "FB1 2122 Hamburger SK - SV Hemer 1932"]
[Site "?"]
[Date "2021.11.27"]
[Round "1.5"]
[White "Sewald, Kathrin"]
[Black "Genova, Lyubka"]
[Result "0-1"]
[WhiteElo "1992"]
[BlackElo "2224"]
[PlyCount "116"]
[EventDate "2021.??.??"]

1. e4 c5 2. Nf3 e6 3. d3 Nc6 4. g3 g6 5. Bg2 Bg7 6. c3 e5 7. a3 Nf6 8. O-O O-O
9. Be3 b6 10. h3 d5 11. Qc2 Bb7 12. Bg5 h6 13. Bh4 dxe4 14. dxe4 g5 15. Nxg5
hxg5 16. Bxg5 Qc7 17. Nd2 Ba6 18. Rfe1 Rad8 19. Qa4 Bd3 20. f4 b5 21. Qd1 Rd7
22. Qf3 Nh7 23. Bh4 c4 24. f5 f6 25. Qh5 Qd8 26. Kh1 Qe8 27. Qf3 Qe7 28. g4
Rfd8 29. Bf2 Be2 30. Rxe2 Rxd2 31. Be1 R2d3 32. Qf1 Bh6 33. h4 Bf4 34. Bf3 Kh8
35. Qg2 Na5 36. Bg3 Bxg3 37. Qxg3 Nb3 38. Rf1 Nd2 39. Rff2 Qd6 40. g5 Nxf3 41.
Rxf3 Rxf3 42. Qxf3 fxg5 43. hxg5 Qd1+ 44. Kg2 Rd2 45. Rxd2 Qxd2+ 46. Kh1 Qxg5
47. Qd1 Qe7 48. Qh5 a5 49. Kh2 Qd8 50. Kh1 a4 51. Qg4 Qg5 52. Qd1 Qh4+ 53. Kg1
Qe7 54. Kf1 Nf6 55. Qd2 Ng4 56. Ke2 Qh4 57. Kd1 Qh1+ 58. Qe1 Nf2+ 0-1

[Event "FB1 2122 Hamburger SK - SV Hemer 1932"]
[Site "?"]
[Date "2021.11.27"]
[Round "1.6"]
[White "Zahn, Alina"]
[Black "Dartmann Aubanell, Catriona"]
[Result "1/2-1/2"]
[WhiteElo "2099"]
[BlackElo "1820"]
[PlyCount "144"]
[EventDate "2021.??.??"]

1. e4 e6 2. d4 d5 3. Bd3 dxe4 4. Bxe4 Nf6 5. Bf3 c5 6. Ne2 Nc6 7. Be3 cxd4 8.
Nxd4 Ne5 9. Nc3 Bb4 10. Ndb5 Nxf3+ 11. Qxf3 Qa5 12. O-O O-O 13. a3 Bxc3 14.
Nxc3 Qc7 15. Rad1 Bd7 16. Bg5 Bc6 17. Qe2 Nd5 18. Nxd5 Bxd5 19. b3 Qc6 20. Rfe1
Bxg2 21. Rd3 f6 22. Qxe6+ Qxe6 23. Rxe6 Bc6 24. Bf4 Rfe8 25. Rxe8+ Rxe8 26. Kf1
Kf7 27. f3 Kg6 28. Kf2 Kf5 29. Be3 a6 30. Rd4 g5 31. Bd2 h5 32. h3 Re7 33. Bc3
Rd7 34. Rxd7 Bxd7 35. Bd4 Kf4 36. Kg2 f5 37. Kf2 Bc6 38. Be3+ Ke5 39. Bxg5 Bd7
40. h4 Bc6 41. Ke3 Bd7 42. c4 Bc6 43. f4+ Kd6 44. Kd4 Ke6 45. Kc5 Kd7 46. a4
Ke6 47. Kb6 Be4 48. a5 Bf3 49. Bd8 Kd7 50. Bf6 Ke6 51. Be5 Be4 52. b4 Bd3 53.
c5 Be4 54. b5 axb5 55. Kxb5 Bd5 56. Kb6 Kd7 57. Bd4 Be4 58. Be3 Bf3 59. Bf2 Be4
60. Bd4 Bf3 61. Be5 Be4 62. Bd6 Bf3 63. a6 bxa6 64. Kxa6 Be4 65. Kb5 Bf3 66.
Kc4 Be4 67. Kd4 Ke6 68. Bb8 Bf3 69. Be5 Be4 70. Bb8 Bf3 71. Be5 Be4 72. Bb8 Bf3
1/2-1/2

[Event "FB1 2122 OSG Baden-Baden - Rodewischer"]
[Site "?"]
[Date "2021.11.27"]
[Round "1.1"]
[White "Sliwicka, Alicja"]
[Black "Paehtz, Elisabeth"]
[Result "0-1"]
[WhiteElo "2303"]
[BlackElo "2485"]
[PlyCount "92"]
[EventDate "2021.??.??"]

1. e4 e6 2. d4 d5 3. e5 c5 4. c3 Nc6 5. Nf3 Qb6 6. Bd3 Bd7 7. O-O cxd4 8. Re1
h6 9. Nbd2 Nge7 10. Nb3 dxc3 11. bxc3 Qc7 12. a4 Na5 13. Nxa5 Qxa5 14. Nd4 a6
15. Qb3 Qc7 16. Ba3 Nc6 17. Nxc6 Bxa3 18. Nb4 Bxb4 19. Qxb4 Rc8 20. Rac1 a5 21.
Qg4 O-O 22. Re3 f5 23. Qg6 d4 24. Ree1 dxc3 25. g4 Qd8 26. gxf5 exf5 27. f4 Be8
28. Qg3 Qd4+ 29. Kf1 Bxa4 30. e6 Rce8 31. Re5 Bb3 32. e7 Rf7 33. Rce1 Bc4 34.
Bxc4 Qxc4+ 35. Kg2 b5 36. Qe3 Qc6+ 37. Kf2 b4 38. Rd1 c2 39. Rd8 c1=Q 40. Qxc1
Qxc1 41. Rxe8+ Kh7 42. Rh8+ Kxh8 43. e8=Q+ Kh7 44. Re3 Qd2+ 45. Kf3 Qd5+ 46.
Kf2 Rc7 0-1

[Event "FB1 2122 OSG Baden-Baden - Rodewischer"]
[Site "?"]
[Date "2021.11.27"]
[Round "1.2"]
[White "Arakhamia-Grant, Ketevan"]
[Black "Lubbe, Melanie"]
[Result "1/2-1/2"]
[WhiteElo "2362"]
[BlackElo "2311"]
[PlyCount "139"]
[EventDate "2021.??.??"]

1. e4 c5 2. Nc3 Nc6 3. g3 g6 4. Bg2 Bg7 5. d3 d6 6. Be3 Rb8 7. Qd2 b5 8. Nge2
Nd4 9. O-O Bd7 10. f4 Qc8 11. Nd1 Nh6 12. c3 Nxe2+ 13. Qxe2 O-O 14. Kh1 b4 15.
Rc1 bxc3 16. bxc3 f5 17. Nf2 fxe4 18. Nxe4 Ng4 19. Bg1 Nf6 20. Ng5 Bf5 21. Qxe7
Bxd3 22. Rfd1 Bc4 23. Rxd6 Rb2 24. Rcd1 Qf5 25. R6d2 Rxd2 26. Rxd2 h6 27. Ne4
Nxe4 28. Bxe4 Qf7 29. Qxf7+ Bxf7 30. Bxc5 Re8 31. Bf3 Bxc3 32. Rc2 Bf6 33. Bxa7
Re1+ 34. Kg2 Ra1 35. Be4 Kg7 36. Rc7 Rxa2+ 37. Kh3 Rd2 38. Be3 Rd8 39. Kg2 Kg8
40. Rc6 Kg7 41. Rc7 Kg8 42. Bc2 Ra8 43. h4 Ra2 44. Kf3 Ra3 45. Ke2 Ra2 46. Kd1
Ra1+ 47. Kd2 Ra2 48. Rc8+ Kg7 49. Bc5 Be6 50. Rc7+ Kg8 51. Ra7 Rxa7 52. Bxa7 g5
53. hxg5 hxg5 54. f5 Bd5 55. g4 Kg7 56. Be3 Bf3 57. Bd1 Be4 58. Ke2 Bc6 59. Kf2
Bb5 60. Bf3 Ba4 61. Bc5 Bb5 62. Ke3 Ba6 63. Bd5 Bb5 64. Bd6 Ba4 65. Bf3 Bb5 66.
Be2 Bc6 67. Bc5 Bb7 68. Bd4 Bxd4+ 69. Kxd4 Kf6 70. Bd1 1/2-1/2

[Event "FB1 2122 OSG Baden-Baden - Rodewischer"]
[Site "?"]
[Date "2021.11.27"]
[Round "1.3"]
[White "Hagarova, Zuzana"]
[Black "Heinemann, Josefine"]
[Result "0-1"]
[WhiteElo "2292"]
[BlackElo "2336"]
[PlyCount "70"]
[EventDate "2021.??.??"]

1. e4 c5 2. Nf3 d6 3. d4 cxd4 4. Nxd4 Nf6 5. Nc3 a6 6. Bg5 e6 7. Qe2 Be7 8. f4
h6 9. Bh4 Nxe4 10. Bxe7 Nxc3 11. Qc4 Kxe7 12. Qxc3 Bd7 13. O-O-O Nc6 14. Nxc6+
Bxc6 15. Qxg7 Qa5 16. Bc4 Rag8 17. Qd4 Qc5 18. Qd3 b5 19. Bb3 a5 20. Rhe1 Rxg2
21. f5 a4 22. fxe6 f6 23. Kb1 axb3 24. cxb3 f5 25. Ka1 Be4 26. Rxe4 fxe4 27.
Qxe4 Rg5 28. Rf1 d5 29. Qf4 Rg1 30. Qf6+ Kd6 31. e7+ Kd7 32. Qf5+ Kc7 33. Qe5+
Kb7 34. Rb1 Rxb1+ 35. Kxb1 Re8 0-1

[Event "FB1 2122 OSG Baden-Baden - Rodewischer"]
[Site "?"]
[Date "2021.11.27"]
[Round "1.4"]
[White "Kachiani-Gersinska, Ketino"]
[Black "Movsesian, Julia"]
[Result "1-0"]
[WhiteElo "2290"]
[BlackElo "2322"]
[PlyCount "67"]
[EventDate "2021.??.??"]

1. d4 d5 2. Nf3 Nf6 3. c4 e6 4. g3 dxc4 5. Bg2 Be7 6. O-O O-O 7. Qc2 a6 8. Qxc4
b5 9. Qc2 Bb7 10. Bg5 Be4 11. Qc1 Nbd7 12. Nbd2 Bd5 13. Nb3 Rc8 14. Nc5 Nxc5
15. dxc5 Ne4 16. Be3 c6 17. Rd1 Qc7 18. Qc2 Rfd8 19. Bf4 Qa5 20. Ne1 Nxc5 21.
e4 Bxa2 22. b4 Qxb4 23. Qxa2 Rxd1 24. Rxd1 Na4 25. Nd3 Qd4 26. Be3 Qc3 27. Nf4
c5 28. Rd7 Qf6 29. e5 Qxe5 30. Rxe7 c4 31. Qd2 c3 32. Qd7 Rf8 33. Re8 h6 34.
Rxf8+ 1-0

[Event "FB1 2122 OSG Baden-Baden - Rodewischer"]
[Site "?"]
[Date "2021.11.27"]
[Round "1.5"]
[White "Miturova, Magdalena"]
[Black "Agrest, Inna"]
[Result "1-0"]
[WhiteElo "2248"]
[BlackElo "2258"]
[PlyCount "117"]
[EventDate "2021.??.??"]

1. Nf3 Nf6 2. g3 g6 3. b3 Bg7 4. Bb2 O-O 5. Bg2 d6 6. d4 Na6 7. O-O c5 8. c4
Rb8 9. Nc3 b6 10. e3 Bb7 11. Qe2 Nc7 12. Rfd1 Qc8 13. Rac1 a6 14. e4 cxd4 15.
Nxd4 e5 16. Nc2 Rd8 17. Ba3 Qe6 18. Ne3 b5 19. Bb4 Nce8 20. cxb5 axb5 21. Ned5
Nxd5 22. exd5 Qd7 23. Bf1 Rdc8 24. Qxb5 Qg4 25. a3 Bh6 26. Rb1 Ba8 27. Qd3 Qd7
28. Qf3 f5 29. Bc4 Kh8 30. Ne2 Nf6 31. Bc3 Ne4 32. Be1 Qa7 33. a4 Ng5 34. Qg2
Ne4 35. Nc3 Nf6 36. Nb5 Qd7 37. Qf3 Ng4 38. Bd2 Bg7 39. Bc3 Nf6 40. Bb4 Rb6 41.
Qe3 Rcb8 42. Ba5 R6b7 43. Rbc1 Qe7 44. Rc2 Rd7 45. f3 h5 46. Bb6 Kh7 47. Qf2
Qf7 48. Rcd2 Bh6 49. Be3 g5 50. Nc3 f4 51. gxf4 gxf4 52. Bb6 h4 53. Qxh4 Nh5
54. Rg2 Kh8 55. Bd3 Rg8 56. Rxg8+ Qxg8+ 57. Kh1 Qe8 58. Bb5 Qe7 59. Qxh5 1-0

[Event "FB1 2122 OSG Baden-Baden - Rodewischer"]
[Site "?"]
[Date "2021.11.27"]
[Round "1.6"]
[White "Doll, Rebecca"]
[Black "Kanakova, Natalie"]
[Result "1-0"]
[WhiteElo "1846"]
[BlackElo "2154"]
[PlyCount "101"]
[EventDate "2021.??.??"]

1. e4 c5 2. Nf3 Nc6 3. d4 cxd4 4. Nxd4 Nf6 5. Nc3 d6 6. Bg5 g6 7. Be2 Bg7 8.
Be3 O-O 9. Qd2 Ng4 10. Bxg4 Bxg4 11. f3 Be6 12. Nxe6 fxe6 13. Bh6 Bxh6 14. Qxh6
Qa5 15. h4 Rf6 16. O-O-O Rc8 17. Kb1 Nd8 18. Qd2 Qe5 19. Rdf1 Rc4 20. f4 Rd4
21. Qf2 Qc5 22. g3 e5 23. a3 e6 24. Qe1 Rc4 25. h5 Qa5 26. hxg6 hxg6 27. Qd2
Nf7 28. Rf2 Rd4 29. Qe3 Qb6 30. Qe1 Kf8 31. fxe5 Rxf2 32. Qxf2 dxe5 33. Qf6 Ke8
34. Rh7 Rd7 35. Qxg6 Qg1+ 36. Ka2 Qf1 37. Qxe6+ Kd8 38. Rg7 Kc8 39. Qe8+ Kc7
40. Nd5+ Kd6 41. Rg6+ Kc5 42. Ne3 Qb5 43. c3 Qd3 44. a4 Rd6 45. Qc8+ Rc6 46.
b4+ Kb6 47. a5+ Ka6 48. Rxc6+ Kb5 49. Rc5+ Ka4 50. Qe8+ b5 51. axb6+ 1-0

[Event "FB1 2122 SG 1871 Löberitz - SC Bad Köni"]
[Site "?"]
[Date "2022.05.21"]
[Round "1.1"]
[White "Osmak, Yuliia"]
[Black "Rogule, Laura"]
[Result "1-0"]
[WhiteElo "2428"]
[BlackElo "2297"]
[PlyCount "49"]
[EventDate "2022.??.??"]

1. d4 Nf6 2. c4 e6 3. Nc3 Bb4 4. f3 d5 5. a3 Bxc3+ 6. bxc3 O-O 7. cxd5 exd5 8.
e3 Bf5 9. Ra2 Nbd7 10. g4 Bxg4 11. fxg4 Ne4 12. Qf3 Qh4+ 13. Rf2 f5 14. g5 f4
15. exf4 Rae8 16. Ne2 Rf7 17. Bg2 h6 18. O-O Rfe7 19. Ng3 hxg5 20. Nf5 Qh7 21.
Nxe7+ Rxe7 22. fxg5 Nxf2 23. Qxd5+ Kh8 24. Rxf2 Re1+ 25. Rf1 1-0

[Event "FB1 2122 SG 1871 Löberitz - SC Bad Köni"]
[Site "?"]
[Date "2022.05.21"]
[Round "1.2"]
[White "Berzina, Ilze"]
[Black "Schneider, Jana"]
[Result "0-1"]
[WhiteElo "2180"]
[BlackElo "2303"]
[PlyCount "136"]
[EventDate "2022.??.??"]

1. e4 e5 2. Nf3 Nc6 3. Bb5 a6 4. Ba4 Nf6 5. O-O b5 6. Bb3 Bc5 7. d3 d6 8. a4
Rb8 9. axb5 axb5 10. h3 h6 11. Nc3 O-O 12. Nd5 Be6 13. c3 Bxd5 14. exd5 Ne7 15.
d4 exd4 16. Nxd4 Qd7 17. Ne2 Rfe8 18. Nf4 Nf5 19. Qf3 Nh4 20. Qg3 Nf5 21. Qf3
Nh4 22. Qg3 Nf5 23. Qd3 Re5 24. Ne2 Rbe8 25. Nd4 Bxd4 26. cxd4 Re4 27. Bc2 Nxd4
28. Bb1 Ne2+ 29. Kh2 Rd4 30. Qf3 Nxc1 31. Rxc1 Rxd5 32. Ra7 Rc5 33. Rd1 Qe6 34.
b4 Qe5+ 35. g3 Rc3 36. Rd3 Rxd3 37. Bxd3 c6 38. Qxc6 Qd4 39. Ra8 Qxf2+ 40. Kh1
Qe1+ 41. Kh2 Qd2+ 42. Kh1 Qxd3 43. Rxe8+ Nxe8 44. Qxe8+ Kh7 45. Qxf7 Qb1+ 46.
Kg2 Qb2+ 47. Kf3 Qc3+ 48. Kg2 Qxb4 49. Qf5+ Kg8 50. Qc8+ Kf7 51. Qd7+ Kf6 52.
Qd8+ Kg6 53. h4 Qe4+ 54. Kf2 Qe5 55. Qg8 b4 56. Kf3 Qf5+ 57. Kg2 Qf7 58. h5+
Kf6 59. Qb8 Qd5+ 60. Kf2 Kf7 61. Qc7+ Kg8 62. Qc8+ Kh7 63. Qc2+ Kh8 64. Qc8+
Qg8 65. Qd7 Qa2+ 66. Kf3 Qd5+ 67. Kf2 Qd2+ 68. Kg1 Qd3 0-1

[Event "FB1 2122 SG 1871 Löberitz - SC Bad Köni"]
[Site "?"]
[Date "2022.05.21"]
[Round "1.3"]
[White "Belenkaya, Dina"]
[Black "Otikova, Elina"]
[Result "1-0"]
[WhiteElo "2254"]
[BlackElo "2090"]
[PlyCount "67"]
[EventDate "2022.??.??"]

1. e4 e5 2. Nf3 Nc6 3. d4 exd4 4. Nxd4 Nf6 5. Nxc6 bxc6 6. Bd3 d5 7. exd5 cxd5
8. O-O Be7 9. c4 d4 10. Nd2 O-O 11. Nf3 Bg4 12. h3 Bh5 13. Bf5 c5 14. Qd3 Bd6
15. Bg5 h6 16. Bh4 Rb8 17. b3 Rb6 18. Rae1 Bf4 19. Ne5 Qc7 20. Bg3 Bxg3 21.
Qxg3 Rd8 22. f4 Nh7 23. Bxh7+ Kxh7 24. Qh4 f6 25. Qxh5 fxe5 26. Rxe5 Ra6 27.
Qf5+ Kh8 28. Rfe1 Qd7 29. Qe4 Rf8 30. f5 Qc7 31. Re2 Rc6 32. Rf2 a5 33. Re7 Qc8
34. f6 1-0

[Event "FB1 2122 SG 1871 Löberitz - SC Bad Köni"]
[Site "?"]
[Date "2022.05.21"]
[Round "1.4"]
[White "Naumann, Nadine"]
[Black "Dordzhieva, Dinara"]
[Result "0-1"]
[WhiteElo "1951"]
[BlackElo "2287"]
[PlyCount "80"]
[EventDate "2022.??.??"]

1. e4 c5 2. Nf3 d6 3. d4 cxd4 4. Nxd4 Nf6 5. Nc3 a6 6. Be2 e5 7. Nb3 Be7 8. Bg5
Be6 9. Bxf6 Bxf6 10. Nd5 Bg5 11. c4 O-O 12. g3 Bh6 13. h4 Nd7 14. g4 g6 15. g5
Bg7 16. Qd2 f6 17. Qa5 b6 18. Qd2 Rf7 19. Ne3 fxg5 20. Qxd6 Qf6 21. hxg5 Qxf2+
22. Kd2 Re8 23. Raf1 Qg3 24. Rhg1 Qh4 25. Rxf7 Kxf7 26. Qd3 Kg8 27. Bg4 Bxg4
28. Rxg4 Qf2+ 29. Kc3 Nf8 30. Rg2 Qe1+ 31. Qd2 Qh4 32. Rg4 Qh3 33. Kc2 Rc8 34.
Rg2 Ne6 35. Kb1 Nf4 36. Rh2 Qf3 37. Ng2 Qxe4+ 38. Ka1 Qxc4 39. Nxf4 Qf1+ 40.
Nc1 Rxc1+ 0-1

[Event "FB1 2122 SG 1871 Löberitz - SC Bad Köni"]
[Site "?"]
[Date "2022.05.21"]
[Round "1.5"]
[White "Schoene, Maria"]
[Black "Giebel, Christine"]
[Result "1-0"]
[WhiteElo "2222"]
[BlackElo "1833"]
[PlyCount "85"]
[EventDate "2022.??.??"]

1. e4 d5 2. exd5 Nf6 3. d4 Nxd5 4. Nf3 g6 5. c4 Nb6 6. Nc3 Bg7 7. h3 Nc6 8. Be3
O-O 9. Be2 Bf5 10. O-O e5 11. d5 Ne7 12. Qd2 Bd7 13. a4 Nf5 14. Bc5 Re8 15. a5
Nc8 16. Ne4 Ncd6 17. Nxd6 Nxd6 18. Be3 Nf5 19. Bg5 f6 20. Be3 Qe7 21. b4 Nxe3
22. fxe3 e4 23. Nd4 f5 24. c5 Rad8 25. Bc4 Kh8 26. Rad1 Qg5 27. Qf2 Be5 28. h4
Qh6 29. Ne6 Bxe6 30. dxe6 Qg7 31. a6 bxa6 32. Bxa6 Qe7 33. Bc4 c6 34. g3 Rf8
35. Kg2 Bc3 36. Qa2 Bxb4 37. Qb2+ Qf6 38. Qxb4 Rb8 39. Qa3 Rb2+ 40. Rf2 Rxf2+
41. Kxf2 Rb8 42. Rd2 Rb1 43. e7 1-0

[Event "FB1 2122 SG 1871 Löberitz - SC Bad Köni"]
[Site "?"]
[Date "2022.05.21"]
[Round "1.6"]
[White "Schuster, Rebekka"]
[Black "Gromova, Iulia"]
[Result "0-1"]
[WhiteElo "1830"]
[BlackElo "2236"]
[PlyCount "94"]
[EventDate "2022.??.??"]

1. e4 c6 2. d4 d5 3. Nc3 dxe4 4. Nxe4 Bf5 5. Ng3 Bg6 6. h4 h6 7. h5 Bh7 8. Nf3
Nf6 9. Bd3 Bxd3 10. Qxd3 e6 11. Bd2 Nbd7 12. O-O-O Qc7 13. c4 O-O-O 14. Ne4
Nxe4 15. Qxe4 Nf6 16. Qe2 Bd6 17. g3 c5 18. Bc3 cxd4 19. Nxd4 a6 20. Kb1 Qc5
21. g4 Qe5 22. f3 Qxe2 23. Nxe2 Bc7 24. Kc2 Rhg8 25. Rxd8+ Kxd8 26. Rd1+ Kc8
27. Nd4 Nd7 28. b4 Be5 29. Re1 Bf6 30. Nb3 Nb6 31. Nd2 Kd7 32. Kb3 Rc8 33. Bxf6
gxf6 34. a4 Ke7 35. a5 Nd7 36. c5 Ne5 37. Re3 Rd8 38. Ne4 Rd4 39. Ka3 Nc6 40.
b5 axb5 41. Nd6 Ra4+ 42. Kb2 Nxa5 43. Ra3 Nc4+ 44. Nxc4 Rxc4 45. Ra7 Rxc5 46.
Rxb7+ Kf8 47. Rb8+ Kg7 0-1